Les pays où l'on trouve le plus de personnes dépendantes à la drogue - Statistiques

Statistiques générales
  • Ce quiz a été pris 552 fois
  • Le résultat moyen est 7 sur 10
Statistiques - réponses
Hint Réponse % Correct
12 146 954 États-Unis
97%
1 470 066 Russie
87%
7 680 059 Chine
84%
2 062 463 Brésil
80%
6 366 010 Inde
79%
770 067 Canada
76%
766 692 Japon
69%
1 179 403 Royaume-Uni
63%
1 372 611 Indonésie
43%
858 879 Pakistan
39%
Aucun quiz correspondant
Distribution des résultats
% des personnes avec chaque résultat
Percentile par nombre de réponses
Votre historique - résultats
Vous n’avez pas pris ce quiz